| 000 | 01189nam a2200313 a 4500 | ||
|---|---|---|---|
| 001 | 000028368 | ||
| 003 | 000028368 | ||
| 005 | 20171010105953.0 | ||
| 008 | 110408s2003 dr a 000 | spa d | ||
| 040 |
_aBPMSU _bspa _cBPMSU |
||
| 082 | 0 | 4 |
_a923.27293 _bD812B |
| 100 | 1 |
_aBalcácer, Juan Daniel, _d1949- |
|
| 245 | 1 | 0 |
_aDuarte para estudiantes / _cJuan Daniel Balcácer. |
| 260 |
_aSanto Domingo : _bEDUCARTE, _c2003 |
||
| 300 |
_a40 p. : _bil. ; _c20 cm. |
||
| 490 | 1 |
_aCuadernos educativos y culturales. Serie independencia nacional _v10 |
|
| 500 | _aIncluye referencias bibliográficas y notas al pie de las páginas | ||
| 600 |
_aDUARTE Y DIEZ, JUAN PABLO, _d1813-1876 |
||
| 830 | 0 |
_lCuadernos educativos y culturales. _r10 _pIndependencia nacional |
|
| 930 | 1 |
_lBND01 _mLF1 _820110408 _f01 _pCT _g20851 |
|
| 930 | 1 |
_lBND01 _mLF1 _820110408 _f01 _pCT _g20851 _he.2 |
|
| 942 |
_2ddc _cBK |
||
| 945 | _aTitulo remanejado para la BNPHU | ||
| 956 |
_aIGARCIA _b10 _c20110408 _lBND01 _h0923 |
||
| 956 |
_aIGARCIA _b10 _c20110408 _lBND01 _h0923 |
||
| 956 |
_aWMENDOZA _b10 _c20110411 _lBND01 _h0839 |
||
| 956 |
_aWMENDOZA _b10 _c20110411 _lBND01 _h0840 |
||
| 956 | _aValidado. Control de calidad MFF | ||
| 999 |
_c7183 _d7183 |
||